000 00845nam a22002177a 4500
001 1691
005 20230915105021.0
020 _a9788854041790
040 _aFISKH
_cFISKH
_beng
_dFISKH
050 0 0 _aPZ7.K632
082 _a823.8
100 1 _aKipling, Rudyard,
_d1865-1936.
245 1 4 _aThe jungle book /
_cfrom the masterpiece by Rudyard Kipling
260 _aMilan :
_bVMB Publishers,
_c2019
300 _a80 unnumbered pages :
_c32 cm
520 _aA graphical retelling of the classic tale made with alternating text and elaborate illustrations. Mowgli encounters all the surprises and adventures that await him among the pages of Rudyard Kipling's unforgettable Masterpiece.
650 0 _aJungle animals
_vFiction.
700 _aAdreani, Manuela
_eillustrator
906 _a7
_bcbc
_corigode
_d5
_encip
_f19
_gy-genmicro
942 _2ddc
_cBK
_n0
999 _c1691
_d1691